00360nam a22001217a 4500003000500000005001700005008004100022050002200063100001800085245004500103260006900148300002100217SISC20160217134732.0140227t xxu||||| |||| 00| 0 eng d aQD 504b.K55 1986 aKlotz, Irving aChemical Thermodynamics /cIrving Klotz. aCalifornia :bBenjamin/Cummings Publishings Company Inc.,c1986. a512 p. :c26 cm.